| 000 | 01554nam a22004457a 4500 | ||
|---|---|---|---|
| 003 | OLSZT 008 | ||
| 005 | 20260401135245.0 | ||
| 008 | 260401s2010 pl 2 000 0 pol d | ||
| 040 |
_aOLSZT 008/bak _bpol _erda _cOLSZT 008/bak |
||
| 041 | 0 |
_apol _beng |
|
| 045 | 2 |
_bd1918 _bd1939 |
|
| 046 | _k2010 | ||
| 100 | 1 |
_aGąsiorowski, Andrzej _d(1935- ). _eAutor _919377 |
|
| 245 | 1 | 0 |
_aSport i turystyka w szkołach okręgu wileńskiego w okresie II RP / _cAndrzej Gąsiorowski. |
| 260 |
_aOlsztyn : _bWydawnictwo OSW, _c2010. |
||
| 300 |
_aStrony [145]-165 ; _c21 cm. |
||
| 336 |
_aText _btxt _2rdacontent |
||
| 337 |
_aBez urządzenia pośredniczącego _bn _2rdamedia |
||
| 338 |
_aWolumin _bnc _2rdacarrier |
||
| 380 | _aKsiążki | ||
| 380 | _aPublikacje naukowe | ||
| 388 | 1 | _a2001- | |
| 500 | _aOdbitka z: Szkice Humanistyczne / OSW, Tom X nr 1, 2010. | ||
| 546 | _aStreszczenie w języku angielskim i polskim. | ||
| 648 | 7 | _a1901-2000 | |
| 648 | _a1918-1939 | ||
| 648 | 7 | _a1939-1945 | |
| 650 | 7 |
_aSport szkolny _2DBN _939399 |
|
| 650 | 7 |
_aTurystyka _2DBN _935665 |
|
| 651 | 7 |
_aLitwa _2DBN _935756 |
|
| 651 | 7 |
_aPolska _2DBN _935076 |
|
| 651 | 7 |
_aWilno (Litwa ; okolice) _2DBN _935579 |
|
| 655 | 7 |
_aArtykuł z czasopisma naukowego _2DBN _936020 |
|
| 658 |
_aEdukacja i pedagogika _935185 |
||
| 658 |
_aKultura fizyczna i sport _939400 |
||
| 710 | 2 |
_aOlsztyńska Szkoła Wyższa im. Józefa Rusieckiego. _bWydawnictwo. _eWydawca _4pbl _918171 |
|
| 942 |
_2ddc _cBK_NM |
||
| 999 |
_c27411 _d27411 |
||